| 000 | 00805nam a2200229 a 4500 | ||
|---|---|---|---|
| 001 | 000024154 | ||
| 005 | 20250617110304.0 | ||
| 008 | 110119s1995 mx a r 000 | spa d | ||
| 020 | _a968444186X | ||
| 040 |
_aDO-SdBNP _bspa _cBNPHU |
||
| 082 |
_a658.83 _bG194a |
||
| 100 | 1 |
_aGarza García, Jorge de la _949593 |
|
| 245 | 1 | 0 |
_aAnálisis de la información mercadológica : _ba través de la estadística multivariante / _cJorge de la Garza García. |
| 260 |
_aMéxico, D. F. : _bAlhambra Mexicana, _c1995. |
||
| 300 |
_a235 p. : _ail. ; _c23 cm. |
||
| 490 | 1 | _aUniversidad | |
| 500 | _aIncluye referencias bibliográficas | ||
| 650 | 0 |
_aInvestigación de mercado _949594 |
|
| 650 | 4 |
_aAnálisis de mercadeo _949595 |
|
| 650 | 4 |
_aSistema de información _xMercadeo _949596 |
|
| 830 | 0 |
_aUniversidad _949597 |
|
| 999 |
_c23648 _d23648 |
||